1990's alternative songs by lyrics #2 - Statistics

General Stats
  • This quiz has been taken 110 times
    109 since last reset
  • The average score is 5 of 15
Answer Stats
Lyrics Song Title % Correct
I don't ever want to feel like I did that day / Take me to the place I love, take me all the way Under the Bridge
79%
Love me love me / Say that you love me / Fool me fool me / Go on and fool me Lovefool
68%
You and me / We used to be together / Everyday together always Don't Speak
60%
Another turning point, a fork stuck in the road / Time grabs you by the wrist, directs you where to go Good Riddance (Time of Your Life)
58%
In the time of chimpanzees I was a monkey / Butane in my veins so I'm out to cut the junkie Loser
51%
Freezin' rests his head on a pillow made of concrete again ooh yeah / Oh feelin' maybe he'll see a little betters any days ooh yeah Even Flow
42%
And I feel that time's a wasted go / So where you going to tomorrow? / And I see that these are lies to come / Would you even care? Plush
33%
We can live beside the ocean / Leave the fire behind / Swim out past the breakers / Watch the world die Santa Monica
32%
I've never had to knock on wood / But I know someone who has / Which makes me wonder if I could / It makes me wonder if I've... The Impression That I Get
31%
Love and hate / Get it wrong / She cut me right back down to size Comedown
19%
We said Tell me all your thoughts on God / 'Cause I'd really like to meet her / And ask her why we're who we are Counting Blue Cars
15%
I wanted more / Than life could ever grant me / Bored by the chore / Of saving face Today
15%
Now maybe I didn't mean to treat you bad / But I did it anyway Far Behind
14%
We love the all the all of you / Where lands are green and skies are blue In the Meantime
10%
Why / Why do you always kick me when I'm / High / Knock me down till we see eye to eye Right Now
9%
No matching quizzes found
Score Distribution
Percent of People with Each Score
Percentile by Number Answered
Your Score History
You have not taken this quiz since the last reset